| 000 | 01097nam a2200241 a 4500 | ||
|---|---|---|---|
| 001 | 47433 | ||
| 003 | BD-RjUL | ||
| 005 | 20211209054319.0 | ||
| 008 | 160808s2011 bg b 000 0 beno | ||
| 020 | _a9847020100409 | ||
| 035 | _a(BD-RjUL)47552 | ||
| 040 |
_aDLC _bben _erda _cDLC _dBD-RjUL _dDLC |
||
| 041 | _aben | ||
| 082 |
_223 _a398.095492 _bTAN 2011 |
||
| 245 | 0 | 0 |
_aটাঙ্গাইল জেলার লুপ্তপ্রায় লোক-সংস্কৃতি / _cসরকার নুরুল মোমেন (সম্পাদক) |
| 260 |
_aঢাকা : _bগউছিয়া প্রেস এণ্ড পাবলিকেশন্স, _c২০১১ |
||
| 300 |
_a১২৪ পৃ. ; _b২১ সেমি. |
||
| 650 | 0 |
_aলোক-সংস্কৃতি---- _zবাংলাদেশ --- _zটাঙ্গাইল _9144250 |
|
| 650 | 0 |
_aFolklore--- _zBangladesh--- _zTangail District. _9144251 |
|
| 700 | 1 |
_aমোমেন, সরকার নুরুল _d1955- _e(সম্পাদক) _9144252 |
|
| 942 |
_2ddc _cBK |
||
| 999 |
_c47433 _d47433 |
||